Renewable Energy in the Middle East : (Record no. 16419)
[ view plain ]
| 000 -LEADER | |
|---|---|
| fixed length control field | 01110nam a22002775a 4500 |
| 001 - CONTROL NUMBER | |
| control field | 15616753 |
| 005 - DATE AND TIME OF LATEST TRANSACTION | |
| control field | 20090209070535.0 |
| 008 - FIXED-LENGTH DATA ELEMENTS--GENERAL INFORMATION | |
| fixed length control field | 090209s2009 nyu 000 0 eng |
| 020 ## - INTERNATIONAL STANDARD BOOK NUMBER | |
| International Standard Book Number | 9781402098918 |
| 040 ## - CATALOGING SOURCE | |
| Original cataloging agency | DLC |
| Transcribing agency | DLC |
| 082 ## - DEWEY DECIMAL CLASSIFICATION NUMBER | |
| Edition number | 22 |
| Classification number | 612.042 |
| Item number | REN |
| 245 10 - TITLE STATEMENT | |
| Title | Renewable Energy in the Middle East : |
| Statement of responsibility, etc | Enhancing Security Through Regional Cooperation / |
| Remainder of title | edited by Michael Mason and Amit Mor. |
| 260 ## - PUBLICATION, DISTRIBUTION, ETC. (IMPRINT) | |
| Place of publication, distribution, etc | New York : |
| Name of publisher, distributor, etc | Springer, |
| Date of publication, distribution, etc | 2009. |
| 263 ## - PROJECTED PUBLICATION DATE | |
| Projected publication date | 0904 |
| 300 ## - PHYSICAL DESCRIPTION | |
| Extent | xxxiii, 240 p. : |
| Other physical details | ill. ; |
| Dimensions | 24 cm. |
| 490 ## - Series Statement | |
| -- | 5861 |
| Series statement | NATO Science for Peace and Security series |
| 504 ## - BIBLIOGRAPHY, ETC. NOTE | |
| Bibliography, etc | Includes bibliographical references and index. |
| 650 ## - SUBJECT ADDED ENTRY--TOPICAL TERM | |
| 9 (RLIN) | 28719 |
| Topical term or geographic name as entry element | Renewable energy sources |
| Geographic subdivision | Middle East. |
| 650 ## - SUBJECT ADDED ENTRY--TOPICAL TERM | |
| 9 (RLIN) | 28720 |
| Topical term or geographic name as entry element | Energy policy |
| Geographic subdivision | Middle East. |
| 653 ## - INDEX TERM--UNCONTROLLED | |
| Resource For college | |
| -- | |
| Arrived date list | February2012 |
| 700 ## - ADDED ENTRY--PERSONAL NAME | |
| 9 (RLIN) | 28722 |
| Personal name | Mason, Michael |
| 700 ## - ADDED ENTRY--PERSONAL NAME | |
| 9 (RLIN) | 28722 |
| Personal name | Mason, Michael |
| 942 ## - ADDED ENTRY ELEMENTS (KOHA) | |
| Source of classification or shelving scheme | Dewey Decimal Classification |
| Item type | Book - Borrowing |
| Withdrawn status | Item status | Source of classification or shelving scheme | Damaged status | Not for loan | Vendor | Home library | Current library | Shelving location | Date acquired | Source of acquisition | Cost, normal purchase price | Serial Enumeration / chronology | Total Checkouts | Full call number | Barcode | Date last seen | Date last borrowed | Koha item type |
|---|---|---|---|---|---|---|---|---|---|---|---|---|---|---|---|---|---|---|
| Dewey Decimal Classification | MERIC | Central Library | Central Library | First floor | 09/02/2012 | 597.00 | 13167 | 2 | 612.042 REN | 000026029 | 15/07/2025 | 05/03/2014 | Book - Borrowing |